书目信息 |
| 题名: |
铜合金功能材料
|
|
| 作者: | 刘平 , 田保红 , 赵冬梅 编著 | |
| 分册: | ||
| 出版信息: | 北京 科学出版社 2004.12 |
|
| 页数: | 325页 | |
| 开本: | 26cm | |
| 丛书名: | ||
| 单 册: | ||
| 中图分类: | TG146.1 | |
| 科图分类: | ||
| 主题词: | 铜合金--tong he jin--功能材料 | |
| 电子资源: | ||
| ISBN: | 7-03-014774-X | |
| 000 | 01081nam0 2200265 450 | |
| 001 | 012006778971 | |
| 005 | 20060802094158.71 | |
| 010 | @a7-03-014774-X@dCNY39.00 | |
| 100 | @a20060802d2004 km y0chiy0120 ea | |
| 101 | 0 | @achi |
| 102 | @aCN@b110000 | |
| 105 | @aa a 000yy | |
| 106 | @ar | |
| 200 | 1 | @a铜合金功能材料@Atong he jin gong neng cai liao@f刘平, 田保红, 赵冬梅等编著@Fliu ping,tian bao hong,zhao dong mei deng bian zhu |
| 210 | @a北京@c科学出版社@d2004.12 | |
| 215 | @a325页@c图@d26cm | |
| 320 | @a有书目 | |
| 330 | @a本书内容包括:金属功能材料分类及其特性、电接触铜合金、精密铜合金、集成电路引线框架铜合金、摩擦功能铜合金、纳米功能铜合金等材料的特性及应用。 本书内容包括:金属功能材料分类及其特性、电接触铜合金、精密铜合金、集成电路引线框架铜合金、摩擦功能铜合金、纳米功能铜合金等材料的特性及应用。 | |
| 606 | 0 | @a铜合金@Atong he jin@x功能材料 |
| 690 | @aTG146.1@v4 | |
| 701 | 0 | @a刘平@Aliu ping@4编著 |
| 701 | 0 | @a田保红@Atian bao hong@4编著 |
| 701 | 0 | @a赵冬梅@Azhao dong mei@4编著 |
| 801 | 0 | @aCN@bQSSK@c20060802 |
| 905 | @b599300-01@dTG146.1@eL652 | |
| 铜合金功能材料/刘平, 田保红, 赵冬梅等编著.-北京:科学出版社,2004.12 |
| 325页:图;26cm |
| ISBN 7-03-014774-X:CNY39.00 |
| 本书内容包括:金属功能材料分类及其特性、电接触铜合金、精密铜合金、集成电路引线框架铜合金、摩擦功能铜合金、纳米功能铜合金等材料的特性及应用。 本书内容包括:金属功能材料分类及其特性、电接触铜合金、精密铜合金、集成电路引线框架铜合金、摩擦功能铜合金、纳米功能铜合金等材料的特性及应用。 |
| ● |
| 相关链接 |
|
|
|
正题名:铜合金功能材料
索取号:TG146.1/L652
 
预约/预借
| 序号 | 登录号 | 条形码 | 馆藏地/架位号 | 状态 | 备注 |
| 1 | 599300 | 205993004 | 自科库501/501自科库 25排1列1层/ [索取号:TG146.1/L652] | 在馆 | |
| 2 | 599301 | 205993013 | 期刊室512/501自科库 25排1列1层/ [索取号:TG146.1/L652] | 在馆 |